| 000 | 00574nam a2200169Ia 4500 | ||
|---|---|---|---|
| 003 | GCL | ||
| 008 | 140319s9999 xx 000 0 ara d | ||
| 040 |
_aGCL / _cGCL |
||
| 082 | 0 | 4 |
_a234.2 _bا ت |
| 100 | 1 | _aعبدالمعطى امين قلعجى | |
| 245 | 1 | 0 |
_aتاريخ الثقات / _cعبدالمعطى امين قلعجى |
| 700 | 1 | _aاحمد بن عبدالله بن صالح | |
| 700 | 1 | _aنورالدين على بن ابى بكر | |
| 260 |
_a[S.N] : _bدار الكتب العلمية للنشر والتوزيع ، _c1984 |
||
| 300 | _a551 ص | ||
| 490 | _a | ||
| 999 |
_c50347 _d50347 |
||